000 00764nam a22002177a 4500
999 _c15781
_d15781
003 MIRAKIL
005 20240325170100.0
008 240325b tu ||||| |||| 00| 0 tur d
020 _a9789751745545
040 _aTR-AnCHP
_cTR-AnCHP
041 _atur
082 _a417
_bE67t 2020
100 _aErsöz, Serpil
245 1 0 _aTürkiye’deki Ahıska Türkleri ağzı /
_cSerpil Ersöz ; metin denetimi: Kübra Kıcır.
260 _aAnkara :
_bTürk Dil Kurumu,
_c2020.
300 _a1339 sayfa :
_btablo ;
_c24 cm.
490 0 _aAtatük Kültür, Dil ve Tarih Yüksek Kurumu Türk Dil Kurumu yayınları ;
_v1333.
650 0 _97753
_aAğızlar
856 _zDijital Nüshası için Partimizin Kütüphane Sorumlusu ile iletişime geçiniz.
942 _2ddc
_cBKS